000
00322nam a22001457a 4500
008
210225b ||||| |||| 00| 0 eng d
020
_a
9780137228515
041
_a
eng
080
_2
8th
_a
339.138
082
_a
339.138
100
_a
60
101
_a
MAR
245
_a
Marketing Management
_c
Kotler, P
942
_2
udc
_c
BK
999
_c
55181
_d
55181